000 00599nam a2200181Ia 4500
008 090630s9999 xx 000 0 und d
082 _b5229
100 _aपाध्ये भाऊ.
245 _aवॉर्ड नं. 7 सर्जिकल.
_cपाध्ये भाऊ.
260 _b---
_c1980
300 _a0
600 _aपाध्ये भाऊ.
630 _aवॉर्ड नं. 7 सर्जिकल.
655 _aकादंबरी.
700 _aपाध्ये भाऊ.
730 _aवॉर्ड नं. 7 सर्जिकल.
942 _cBOOK
999 _c257085
_d257085